Como redactar cartas comerciales
| Main Authors: | , |
|---|---|
| Format: | Section = Libro |
| Language: | Undetermined Spanish |
| Published: |
Argentina
Valletta Ediciones
2001
|
| Subjects: |
| LEADER | 00663nam a2200229Ia 4500 | ||
|---|---|---|---|
| 008 | 240829s9999 xx 000 0 und d | ||
| 020 | |a 950-743-157-8 | ||
| 040 | |a BIBLIOTECA-RUSB/ Ref 658 A436 | ||
| 041 | |a spa | ||
| 082 | |a Ref 658 A436 | ||
| 100 | 1 | |a Alliani, Stella Maris | |
| 100 | 1 | |b Musumeci, Graciela Liliana | |
| 245 | 1 | 0 | |a Como redactar cartas comerciales |
| 260 | |a Argentina |b Valletta Ediciones |c 2001 | ||
| 300 | |a 108 p. :il. | ||
| 650 | 7 | |a ADMINISTRACION - CORRESPONDENCIA | |
| 650 | 7 | |b CARTAS COMERCIALES, BANCA Y BOLSA | |
| 650 | 7 | |c CARTAS FORMATOS Y SU USO | |
| 650 | 7 | |d VOCABULARIO COMERCIAL | |
| 942 | |c BK |2 ddc | ||
| 991 | |a TEXTO | ||
| 999 | |c 6185 | ||